| 000 | 00443nam a22001697a 4500 | ||
|---|---|---|---|
| 999 |
_c524521 _d524521 |
||
| 003 | NUST | ||
| 038 | _aWaseem | ||
| 082 |
_a891.439 _bSHE |
||
| 100 |
_aShiekh, Maqsood Ellahi _915331 |
||
| 245 |
_aMakhzan 7 / _cMaqsood Ellahi Shiekh |
||
| 260 |
_aIslamabad : _bBobi Computers, _c2008. |
||
| 300 | _a312 p. ; | ||
| 500 | _aPaperback. | ||
| 880 |
_6100-01\r _aمقصود الہی شیخ |
||
| 880 |
_6245-02\r _aمخزن 7 / |
||
| 942 |
_2ddc _cBK |
||